A vízmátrix szerves- és szervetlen összetevőinek hatásai kőolajjal szennyezett vizek ózonkezeléssel és membránszűréssel történő kombinált kezelésére = Effects of organic- and inorganic compounds of the water matrix on ozonation/membrane separation combined treatment

Oily pollutions can be efficiently eliminated from waters by membrane filtration and by advanced oxidation processes as well, and the advantageous of the combination of these methods have also been reported [1,2]. Humic pollutions naturally can appear in oily contaminated waters (either in surface-...

Teljes leírás

Elmentve itt :
Bibliográfiai részletek
Szerzők: Veréb Gábor
Csizmadia Norbert
Kertész Szabolcs
Beszédes Sándor
Hodúr Cecília
László Zsuzsanna
Testületi szerző: International Symposium on Analytical and Environmental Problems (23.) (2017) (Szeged)
Dokumentumtípus: Könyv része
Megjelent: 2017
Sorozat:Proceedings of the International Symposium on Analytical and Environmental Problems 23
Kulcsszavak:Vízszennyezés, Membránszűrés, Ozonizáció
Online Access:http://acta.bibl.u-szeged.hu/56263
LEADER 02250naa a2200265 i 4500
001 acta56263
005 20260224081030.0
008 190103s2017 hu o 100 hun d
020 |a 978-963-306-563-1 
040 |a SZTE Egyetemi Kiadványok Repozitórium  |b hun 
041 |a hun 
100 1 |a Veréb Gábor 
245 1 2 |a A vízmátrix szerves- és szervetlen összetevőinek hatásai kőolajjal szennyezett vizek ózonkezeléssel és membránszűréssel történő kombinált kezelésére = Effects of organic- and inorganic compounds of the water matrix on ozonation/membrane separation combined treatment  |h [elektronikus dokumentum] /  |c  Veréb Gábor 
260 |c 2017 
300 |a 522-527 
490 0 |a Proceedings of the International Symposium on Analytical and Environmental Problems  |v 23 
520 3 |a Oily pollutions can be efficiently eliminated from waters by membrane filtration and by advanced oxidation processes as well, and the advantageous of the combination of these methods have also been reported [1,2]. Humic pollutions naturally can appear in oily contaminated waters (either in surface- or ground waters [3]), which may affect both ozonation and membrane filtration due to their amphiphilic- and antioxidant properties. In the present study the advantages of the combination of pre-ozonation with membrane filtration was investigated in case of humic-acid containing oil in water emulsions. Fluxes, resistances, membrane foulings and purification efficiencies were investigated in case of different durations of pre-ozonation, and applying different water matrixes (low- and high salt concentrations). In summary, a short (2 minute) pre-ozonation (~ 20 mg/L1 absorbed ozone) increases the available flux and reduces the membrane resistance also in the presence of humic acid. 
695 |a Vízszennyezés, Membránszűrés, Ozonizáció 
700 0 1 |a Csizmadia Norbert  |e aut 
700 0 1 |a Kertész Szabolcs  |e aut 
700 0 1 |a Beszédes Sándor  |e aut 
700 0 1 |a Hodúr Cecília  |e aut 
700 0 1 |a László Zsuzsanna  |e aut 
710 |a International Symposium on Analytical and Environmental Problems (23.) (2017) (Szeged) 
856 4 0 |u http://acta.bibl.u-szeged.hu/56263/1/proceedings_of_isaep_2017_522-527.pdf  |z Dokumentum-elérés